000
00336 a2200169 4500
001
182541
020
_a
85-08-04079-2
040
_c
Magnum
100
_a
Alencar, José de
240
1
0
_a
O Guarani
_l
por
245
1
0
_a
O Guarani
300
_a
295
362
0
_a
2003
440
1
_a
Ática
697
_a
LITERATURA GERAL
942
_c
BK
999
_c
182541
_d
182541